| 000 | 00519nam a2200181Ia 4500 | ||
|---|---|---|---|
| 005 | 20250423101615.0 | ||
| 008 | 250422s9999 xx 000 0 und d | ||
| 020 | _a9781032315027 | ||
| 050 | _aHD 82 .S26/ | ||
| 100 | _aSadler, Thomas R. | ||
| 245 | 0 | _aUnderstanding Global Crises : | |
| 260 | _aNew York | ||
| 260 | _bRoutledge | ||
| 260 | _c2023 | ||
| 300 | _aXiii, 255p.: ill. | ||
| 650 | _aEconomic development. Regional disparities. Environmental policy. COVID-19 Pandemic, 2020---Influence. | ||
| 942 | _cBK | ||
| 999 |
_c36740 _d36740 |
||